000 00610nam a2200133Ia 4500
008 220204s9999 xx 000 0 und d
082 _a631.4:061.3
_bWAG
245 4 _aThe role of soil science in interdisciplinary research : Proceedings of symposium sponsored by divisions S-1 of the Soil Science Society of America and A-3 of the American Society of Agronomy, Seattle, W A, 15 November 1994
260 _aU S A
_bAmerican Society of Agronomy, Inc and Soil Science Society of America, Inc
_c1996
490 _aSSSA Special Publication number 45
700 _aBouma, J
700 _aWagenet, R J
942 _cBK
999 _c41357
_d41357